Công tác giáo dục lý luận chính trị cho sinh viên Việt Nam hiện nay
Sách giới thiệu một số vấn đề chung, thực trạng và phương hướng cơ bản, giải pháp chủ yếu nâng cao chất lượng về công tác giáo dục lý luận chính trị
Đã lưu trong:
| Hovedforfatter: | |
|---|---|
| Format: | Bog |
| Sprog: | Undetermined |
| Udgivet: |
Hà Nội
Chính trị Quốc gia
2010
|
| Fag: | |
| Tags: |
Tilføj Tag
Ingen Tags, Vær først til at tagge denne postø!
|
| Thư viện lưu trữ: | Trung tâm Học liệu Trường Đại học Cần Thơ |
|---|
| LEADER | 00890nam a2200205Ia 4500 | ||
|---|---|---|---|
| 001 | CTU_158726 | ||
| 008 | 210402s9999 xx 000 0 und d | ||
| 020 | |c 30000 | ||
| 082 | |a 320.071 | ||
| 082 | |b Đ108 | ||
| 100 | |a Trần, Thị Anh Đào | ||
| 245 | 0 | |a Công tác giáo dục lý luận chính trị cho sinh viên Việt Nam hiện nay | |
| 245 | 0 | |c Trần Thị Anh Đào | |
| 260 | |a Hà Nội | ||
| 260 | |b Chính trị Quốc gia | ||
| 260 | |c 2010 | ||
| 520 | |a Sách giới thiệu một số vấn đề chung, thực trạng và phương hướng cơ bản, giải pháp chủ yếu nâng cao chất lượng về công tác giáo dục lý luận chính trị | ||
| 650 | |a Political science,Khoa học chính trị | ||
| 904 | |i Trọng Hải | ||
| 980 | |a Trung tâm Học liệu Trường Đại học Cần Thơ | ||